| 000 | 00428nam a2200169Ia 4500 | ||
|---|---|---|---|
| 001 | 14667 | ||
| 008 | 140403s9999 xx 000 0 und d | ||
| 020 | _a0-19-577688-7 | ||
| 040 | _cPK-LaUMT | ||
| 082 |
_a 307.1216 _bBAD-O |
||
| 100 | _aBadshah, Akhtar A. | ||
| 245 |
_aOur urban future : New paradigms for equity and sustainabili _cBadshah, Akhtar A. |
||
| 260 | _c1996 | ||
| 300 | _a220 p. | ||
| 546 | _aEN | ||
| 942 | _cBK | ||
| 999 |
_c15247 _d15247 |
||